02070cam a22003135i 4500999001700000001000900017003000900026005001700035008004100052020001800093040007000111082001900181100004100200245005600241250002200297264007200319300002700391336002600418337002800444338002700472504005100499520094200550650002801492650002401520650002501544653002701569942001201596952014801608 c27646d2761714564797EG-ScBUE20190923145139.0140204s1962 ohu f b 001 0 eng d a9781376196207 aMLSODbengerdacMLSODdOCLCOdOCLCFdOCLCQdOCLCOdVMIdEG-ScBUE04a321.9bARE2221 aArendt, Hannah,d1906-1975,eauthor.14aThe origins of totalitarianism /cby Hannah Arendt. aSeventh printing. 1aCleveland, Ohio ;aNew York :bThe World Publishing Company,c1962. axv, 520 pages ;c21 cm atextbtxt2rdacontent aunmediatedbn2rdamedia avolumebnc2rdacarrier aIncludes bibliographical references and index. aRecognized upon publication as the comprehensive account of its subject and later hailed as a classic by the Times Literary Supplement, this book continues to be the definitive history of this political movement. It begins with the rise of anti-Semitism in Central and Western Europe in the 1800s and continues with an examination of European colonial imperialism from 1884 to the outbreak of World War I. The final section discusses the institutions and operations of totalitarian movements, focusing on the two genuine forms of totalitarian government in our times--Nazi Germany and Stalinist Russia. Here Arendt discusses the transformation of classes into masses, the role of propaganda in dealing with the nontotalitarian world, and the use of terror, essential to this form of government. In a brilliant concluding chapter Arendt analyzes the nature of isolation and loneliness as preconditions for total domination. -- Back cover. 7aTotalitarianism.2BUEsh 7aImperialism.2BUEsh 7aAntisemitism.2BUEsh bMASPPSScSeptember2019 2ddccBB 00102ddc40708BaccahaMAINbMAINc1STd2019-09-23ePurchaseg490.00l2m6o321.9 AREp000048077r2025-07-15 00:00:00s2021-02-10v612.50yBB